000
00324nam a22001337a 4500
008
170712b xxu||||| |||| 00| 0 eng d
020
_a
0801632277
041
_a
eng
080
_2
3RD
_a
038
100
_a
23
101
_a
FJA
245
_a
MOSBY'S MEDICAL, NURSING & ALLIED HEALTH DICITONARY
_c
GLANZE, W.D
942
_2
udc
_c
BK
999
_c
20304
_d
20304